Múzeum obchodu v Bratislave - jeho expozičné a publikačné aktivity

Bibliographic Details
Main Author: Hunka, Ján, 1958-2021 (Author)
Format: Article
Language:Slovak
ISBN:8088709768
Subjects:

MARC

LEADER 00000nab a2200000 ar4500
001 vtls008423040
003 SK-MaSNL
005 20260303210814.0
008 060110c2004 xo |||||||| 0|| b|slo
015 |a SNBRA2006/01  |2 snkbucl 
038 |a SNKBUCL 
040 |a SNKBUCL  |b slo  |c SNKBUCL  |e AACR2 
041 0 |a slo 
044 |a xo  |c SK 
080 |a 069.02:339  |x (437.6)  |2 UDC-MRF-SK2 
080 |a 061.4  |2 UDC-MRF-SK2 
080 |a 655.4  |2 UDC-MRF-SK2 
100 1 |a Hunka, Ján,  |d 1958-2021  |4 aut  |9 211368 
245 1 0 |a Múzeum obchodu v Bratislave - jeho expozičné a publikačné aktivity  |c Ján Hunka 
610 2 7 |a Múzeum obchodu (Bratislava, Slovensko)  |2 snkbucl  |9 31312 
773 0 |t Slovenská numizmatika. XVII  |d Nitra : Archeologický ústav SAV ; Spoločnosť Antona Točíka ; Národný numizmatický komitét SR, 2004  |g S. 343-345  |z 8088709768 
852 |a SNK  |b KIS3GCP 
958 |a KL 
999 |c 2201841  |d 2203771